01012nam a22003017a 45000010005000000030006000050050017000110080041000280200018000690400029000870500008001160820012001241000021001362450068001572500032002252600038002573000050002955050008003455200069003535210029004225210020004516500029004716500021005007000029005219420015005509990015005659520130005807652FISKH20250729154350.0250729b cb ||||| |||| 00| 0 eng d a9781406329803 aFISKHbengcFISKHdFISKH aPZ7 a823.914 aDoherty, Berlie  aRumpelstiltskin / cBy Berlie Doherty : Illustrated by Jane Ray aThis edition published 2010 aLondon : bWalker Books , c2000. a27 pages : bcolor illustrations ; c22 cm .  aK  aThis text is an illustrated retelling of the classic fairy tale.8 a510 bLexile estimate 8 aK bRaz-Plus  aRumpelstiltskinvFiction aWeaversvFiction aRay, Jane eIllustrator  2ddccBKn0 c7652d7652 00102ddc40708JUVFa002b002cTTP Yellow d2025-07-29l0oDOH PZ7 823.914pFISBK06163r2025-07-29 15:43:47w2025-07-29yBK